000 00759nam a2200241 a 4500
001 35247
003 BD-RjUL
005 20211209052303.0
008 140522s1968 nyu b 001 0 eng d
035 _a(BD-RjUL)
040 _aBD-RjUL
_beng
_cBD-RjUL
_dBD-RjUL
041 _aeng
082 0 0 _bMAR 1968
_a616.89156
245 1 4 _aThe marriage relationship :
_bpsychoanalytic perspectives /
_cEdited by Salo Rosenbaum and Ian Alger.
260 _aNew York :
_bBasic Books,
_c1968.
300 _axvii, 366 p ;
_c24 cm.
500 _aSponsored by the Society of Medical Psychoanalysts.
504 _aIncludes bibliographies and index
650 0 _aMarriage counseling.
_916152
700 1 _aRosenbaum, Salo.
_9107391
942 _2ddc
_cBK
999 _c35247
_d35247